| 000 | 01240cam a2200337 4500 | ||
|---|---|---|---|
| 008 | 090401t1995 xxu||||| |||| 00| 0 eng d | ||
| 020 | _a1860810012 | ||
| 035 | _a(Sirsi) u58025 | ||
| 041 | _aeng | ||
| 050 | _a658.202 | ||
| 100 | _aClift, M.R. | ||
| 245 | 4 | _aThe performance and costs-in-use of buildings: a new approach. | |
| 260 |
_aGarston, Watford _bBuilding Research Establishment _c1995 |
||
| 300 | _aiii,19p. ; 30cm. | ||
| 350 | _a15 | ||
| 490 |
_aBRE Building Renewal _v277 |
||
| 490 |
_aBuilding _v277 Research Establishment Report |
||
| 520 | _aDescribes PCMB (Performance and Cost Managed Building), a new approach to the procurement, operation and management of buildings, in which building performance and the associated costs-in-use are addressed consistently throughout building life. | ||
| 650 | _aBUILDING DATA SPINE | ||
| 650 | _aBUILDING PERFORMANCE | ||
| 650 | _aCOSTS-IN-USE | ||
| 650 | _aBUILT ENVIRONMENT-BUILDING MAINTENANCE AND REFURBISHMENT | ||
| 650 | _aOCCUPANCY COSTS | ||
| 650 | _aPCMB | ||
| 650 | _aPERFORMANCE AND COST MANAGED BUILDING | ||
| 690 | _aBUILT ENVIRONMENT | ||
| 700 | _aButler, A. | ||
| 710 | _aBuilding Research Establishment | ||
| 942 | _n0 | ||
| 948 | _c04/03/1997 | ||
| 999 |
_c94011 _d94011 |
||